| 000 | 00595nam a2200205Ia 4500 | ||
|---|---|---|---|
| 003 | GCL | ||
| 008 | 140319s9999 xx 000 0 ara d | ||
| 040 |
_aGCL / _cGCL |
||
| 082 | 0 | 4 |
_aق _b953.073 _bا ش |
| 100 | 1 | _aاحمد صبحى منصور | |
| 245 | 1 | 0 |
_aشخصية مصر بعد الفتح الاسلامى / _cاحمد صبحى منصور |
| 300 | _a176 ص | ||
| 490 |
_a100 قصة _v0 |
||
| 650 | 0 | 4 | _aمصر |
| 650 | 0 | 4 | _aالاسلام |
| 650 | 0 | 4 | _aالفتوحات الاسلامية |
| 650 | 0 | 4 | _aالتاريخ الاسلامى |
| 650 | 0 | 4 | _aفتح مصر |
| 942 |
_2ddc _cBK |
||
| 999 |
_c45588 _d45588 |
||